[Event "AUTO-OPEN-948"]
[Site "http://www.queenalice.com/game.php?id=326619"]
[Date "2007.12.27"]
[Round "1"]
[White "RDario"]
[Black "QueenAlicecom_You_Lost"]
[Result "1-0"]
[WhiteElo "2032"]
[BlackElo "1519"]

1. g4 e5 2. h4 Nc6 3. Nc3 Nf6 4. e4 d6 5. f3 Be7 6. Bc4 Be6 7. Bxe6 O-O 8. Bb3
a5 9. g5 Nh5 10. Kf2 Nd4 11. d3 Nxb3 12. axb3 f6 13. Nd5 fxg5 14. Nxe7+ Qxe7 15.
Bxg5 Qf7 16. Nh3 Nf6 17. Rg1 d5 18. Bxf6 Qxf6 19. Rg4 Rf7 20. Qe2 Raf8 21. Ng5
Qb6+ 22. Qe3 Rf4 23. Qxb6 cxb6 24. Rag1 R4f6 25. R1g3 b5 26. exd5 Rd6 27. Ne6 g6
28. Nxf8 Kxf8 29. c4 a4 30. bxa4 bxa4 31. h5 Kg7 32. hxg6 hxg6 33. Ke3 b6 34.
Ke4 Kf7 35. Kxe5 Rf6 36. Rf4 Rxf4 37. Kxf4 Kf6 38. d6 Ke6 39. Rxg6+ Kd7 40. Ke5
Kc6 41. Ke6 Kc5 42. d7 Kb4 43. Kd5 Ka5 44. d8=Q a3 45. Qxb6+ Ka4 46. b3# 1-0

[Event "AUTO-OPEN-948"]
[Site "http://www.queenalice.com/game.php?id=326620"]
[Date "2007.12.27"]
[Round "1"]
[White "QueenAlicecom_You_Lost"]
[Black "hooligan"]
[Result "1-0"]
[WhiteElo "1546"]
[BlackElo "1385"]

1. d4 d5 2. e3 e6 3. e4 dxe4 4. Nc3 f5 5. Bb5+ c6 6. Ba4 a6 7. Nh3 b5 8. Bb3 a5
9. a3 Qh4 10. Bg5 Qg4 11. O-O h6 12. Qxg4 fxg4 13. Nf4 hxg5 14. Nxe6 Bxe6 15.
Bxe6 Ne7 16. Nxe4 Nf5 17. b4 Nxd4 18. Bxg4 Nxc2 19. Rad1 Na6 20. Rd7 Nb8 21. Rc7
Rh4 22. Bf5 axb4 23. Rd1 Rh6 24. Nxg5 Rh5 25. Bg6# 1-0

[Event "AUTO-OPEN-948"]
[Site "http://www.queenalice.com/game.php?id=326621"]
[Date "2007.12.27"]
[Round "1"]
[White "hooligan"]
[Black "QueenAlicecom_You_Lost"]
[Result "1-0"]
[WhiteElo "1320"]
[BlackElo "1594"]

1. e4 e5 2. d3 d5 3. Nf3 Nf6 4. Nxe5 Bd6 5. Nf3 Ng4 6. Qe2 Bc5 7. d4 Bb6 8. h3
Nf6 9. g4 dxe4 10. Ng5 Qxd4 11. c3 Qd3 12. Qxd3 O-O 13. Qe2 Nc6 14. a4 h6 15.
Nxe4 Re8 16. Bg2 Be6 17. g5 hxg5 18. f3 Bb3 19. h4 gxh4 20. Qd3 Rad8 21. Qe2
Rd1+ 22. Qxd1 Bxd1 23. Kxd1 Rd8+ 24. Ned2 Ne5 25. a5 Nd3 26. axb6 Nf2+ 27. Ke1
Nxh1 28. Bxh1 Nh5 29. Ne4 f5 30. bxc7 Rc8 31. Rxa7 Rxc7 32. Ra8+ Kf7 33. Nd6+
Ke7 34. Nxf5+ Kf6 35. Rf8+ Kg6 36. Na3 Rc5 37. Ne7+ Kh7 38. f4 g5 39. Be4+ Kg7
40. Rd8 g4 41. Be3 1-0

[Event "AUTO-OPEN-1155"]
[Site "http://www.queenalice.com/game.php?id=414462"]
[Date "2008.6.7"]
[Round "1"]
[White "chevago04"]
[Black "QueenAlicecom_You_Lost"]
[Result "1-0"]
[WhiteElo "1911"]
[BlackElo "1431"]

1. d4 d5 2. Bf4 Nc6 3. e3 Nb4 4. a3 Bf5 5. axb4 e6 6. c3 Bd6 7. Bxd6 cxd6 8.
Bb5+ Ke7 9. Bd3 Nf6 10. Bxf5 exf5 11. Qf3 Qd7 12. Ne2 Rhe8 13. Nf4 Kf8 14. Nxd5
Qb5 15. Nc7 Qd7 16. Nxa8 Rxa8 17. O-O Re8 18. Rxa7 d5 19. Nd2 g5 20. Rfa1 g4 21.
Qf4 Ne4 22. Nxe4 Rxe4 23. Ra8+ Ke7 24. Qg5+ Ke6 25. R1a6+ 1-0

[Event "AUTO-OPEN-1155"]
[Site "http://www.queenalice.com/game.php?id=414463"]
[Date "2008.6.7"]
[Round "1"]
[White "QueenAlicecom_You_Lost"]
[Black "chevago04"]
[Result "0-1"]
[WhiteElo "1431"]
[BlackElo "1913"]

1. e4 g6 2. Nf3 d5 3. exd5 Qxd5 4. c4 Qc6 5. b3 Bg7 6. d4 Bg4 7. d5 Qf6 8. Be2
Qxa1 9. Nbd2 Qxa2 10. O-O Bf5 11. b4 Qa1 12. Nb3 Qa4 13. c5 Qxb4 14. Bd2 Qe4 15.
Bb5+ Bd7 16. d6 Bxb5 17. Re1 Qd5 18. dxc7 Na6 19. Bf4 Qxd1 20. Rxd1 Rc8 21. Rd8+
Rxd8 22. cxd8=R+ Kxd8 23. g4 Be2 24. Kg2 Bxf3+ 25. Kxf3 Bd4 26. Nxd4 Nxc5 27.
Be5 f6 0-1

[Event "Challenge"]
[Site "http://www.queenalice.com/game.php?id=439185"]
[Date "2008.7.26"]
[Round "-"]
[White "QueenAlicecom_You_Lost"]
[Black "stephancharette"]
[Result "0-1"]
[WhiteElo "1454"]
[BlackElo "1425"]

1. e4 d6 2. Nf3 b6 3. Bc4 Nf6 4. Ng5 e6 5. d3 g6 6. O-O Ba6 7. c3 Be7 8. Bxe6
fxe6 9. Nxe6 Qd7 10. Qb3 Bxd3 11. Ng7+ Kf8 12. Bh6 Rg8 13. Ne6+ Ke8 14. Ng7+ Kd8
15. e5 dxe5 16. Rd1 Bf8 17. c4 Bxg7 18. Rxd3 Bxh6 19. Rxd7+ Nbxd7 20. Nc3 Bf8
21. Rd1 Rg7 22. Qa4 Bd6 23. Qa6 Nc5 24. Qb5 Ne8 25. Qc6 Rc8 26. b4 Nd7 27. Qf3
Bxb4 28. Qd3 Bxc3 29. Qxc3 Re7 30. Qa3 a5 31. g4 c5 32. f3 Nd6 0-1

[Event "AUTO-OPEN-1209"]
[Site "http://www.queenalice.com/game.php?id=439359"]
[Date "2008.7.26"]
[Round "1"]
[White "turker_dilber"]
[Black "QueenAlicecom_You_Lost"]
[Result "0-1"]
[WhiteElo "1703"]
[BlackElo "1463"]

1. e4 e5 2. Nf3 Nc6 3. Bb5 a6 4. Ba4 Nf6 5. O-O d5 6. exd5 b5 7. dxc6 Bd6 8. Bb3
O-O 9. d3 e4 10. dxe4 a5 11. c3 Qe8 12. Re1 a4 13. Bc2 Bg4 14. h3 Bxf3 15. Qxf3
Qe5 16. g3 Ra6 17. Bf4 Qc5 18. Bxd6 Qxd6 19. e5 Qxc6 20. Qxc6 Rxc6 21. exf6 Rxf6
22. Nd2 g6 23. Ne4 Re6 24. Rad1 f5 0-1

[Event "AUTO-OPEN-1209"]
[Site "http://www.queenalice.com/game.php?id=439360"]
[Date "2008.7.26"]
[Round "1"]
[White "QueenAlicecom_You_Lost"]
[Black "turker_dilber"]
[Result "1-0"]
[WhiteElo "1436"]
[BlackElo "1703"]

1. e4 c5 2. Nf3 Nc6 3. d4 cxd4 4. Nxd4 g6 5. Be2 Bg7 6. c3 Nf6 7. O-O Nxe4 8.
Bf3 Nf6 9. Bg5 O-O 10. Qc1 Nxd4 11. cxd4 d5 12. Bh6 Qb6 13. Nc3 e6 14. Be3 Bd7
15. a3 Rac8 16. Bh6 Qxd4 17. Qg5 Ba4 18. Bxd5 Nxd5 19. Bxg7 Kxg7 20. Ne2 Qf6 21.
f4 Qxg5 22. fxg5 Bb5 23. Rf2 Bxe2 24. Rxe2 1-0

[Event "AUTO-OPEN-1209"]
[Site "http://www.queenalice.com/game.php?id=439383"]
[Date "2008.7.26"]
[Round "1"]
[White "QueenAlicecom_You_Lost"]
[Black "Romerflu"]
[Result "0-1"]
[WhiteElo "1489"]
[BlackElo "1433"]

1. e4 e6 2. Nf3 Nf6 3. d3 Nc6 4. e5 Nd5 5. c4 Bb4+ 6. Bd2 Bxd2+ 7. Qxd2 d6 8. d4
Ndb4 9. d5 exd5 10. Be2 a5 11. O-O Nxe5 12. cxd5 Qf6 13. a3 Na6 14. Nc3 Nc5 15.
Nxe5 dxe5 16. b4 Nb3 17. Qc2 Nxa1 18. Rxa1 axb4 19. Nb5 Kd8 20. Qxc7+ Ke8 21.
Qc5 e4 22. Nc7+ Kd8 23. Nxa8 Qg6 24. Qc7+ Ke8 25. Qxc8+ Ke7 26. Qxh8 b3 27. Bc4
b2 28. Rb1 e3 29. Rxb2 exf2+ 30. Rxf2 Qb1+ 31. Rf1 Qb2 32. Rd1 Qc2 33. Rd4 Qc1+
34. Bf1 Qe3+ 35. Kh1 Qxd4 36. Bb5 Qd1+ 37. Bf1 Qxf1# 0-1

[Event "AUTO-OPEN-1209"]
[Site "http://www.queenalice.com/game.php?id=439384"]
[Date "2008.7.26"]
[Round "1"]
[White "Romerflu"]
[Black "QueenAlicecom_You_Lost"]
[Result "0-1"]
[WhiteElo "1543"]
[BlackElo "1431"]

1. e4 e5 2. Nf3 Nc6 3. d3 Bc5 4. c3 d6 5. b4 Bxf2+ 6. Kxf2 Bg4 7. h3 Be6 8. d4
Nf6 9. Bg5 exd4 10. Bxf6 Qxf6 11. Ke1 O-O 12. Nxd4 a5 13. Nxe6 fxe6 14. Nd2 Qf2#
0-1

[Event "Challenge"]
[Site "http://www.queenalice.com/game.php?id=475747"]
[Date "2008.10.11"]
[Round "-"]
[White "flaviovieira"]
[Black "QueenAlicecom_You_Lost"]
[Result "1-0"]
[WhiteElo "1721"]
[BlackElo "1471"]

1. e4 e5 2. Nf3 Nc6 3. Bb5 Bc5 4. Bxc6 bxc6 5. Nxe5 d6 6. Nxc6 Qf6 7. d4 Bb6 8.
O-O Ne7 9. Nxe7 Qxe7 10. Nc3 O-O 11. Re1 c5 12. Nd5 Qh4 13. g3 Qh3 14. Nxb6 Bb7
15. Nxa8 Bxa8 16. dxc5 dxc5 17. f3 f5 18. Bf4 fxe4 19. fxe4 Re8 20. Qd3 Qc8 21.
b3 Rf8 22. a4 Qh3 23. Qc4+ Rf7 24. Qxc5 Qg4 25. Rf1 Qh3 26. Qc4 g6 27. Rad1 Kg7
28. Be5+ Kh6 29. Qxf7 Bxe4 30. Qg7+ Kg5 31. Bf4+ Kg4 32. Rf2 Bxc2 33. Rd4 Bxb3
34. Be5+ Kg5 35. Bf6+ Kh5 36. Qxh7# 1-0

[Event "Challenge"]
[Site "http://www.queenalice.com/game.php?id=493965"]
[Date "2008.11.16"]
[Round "-"]
[White "QueenAlicecom_You_Lost"]
[Black "stephancharette"]
[Result "1/2-1/2"]
[WhiteElo "1471"]
[BlackElo "1475"]

1. e4 e6 2. Nf3 Nf6 3. Bc4 d5 4. Bb5+ c6 5. Bd3 g6 6. Nc3 Bh6 7. O-O O-O 8. Be2
dxe4 9. Ne5 Nbd7 10. d4 Bxc1 11. Rxc1 Nxe5 12. dxe5 Nd7 13. Bh5 Nxe5 14. Nxe4
Qxd1 15. Rcxd1 Bd7 16. Nf6+ Kg7 17. Nxd7 gxh5 18. Nxf8 Kxf8 19. f4 Ng4 20. f5
Ke7 21. fxe6 fxe6 22. Rf3 Ne5 23. Re1 Nxf3+ 24. gxf3 Rf8 25. Kf2 b5 26. b3 Rd8
27. a4 Rd2+ 28. Kg3 Rxc2 29. axb5 cxb5 30. h4 Rc5 31. Ra1 Rc7 32. Kf4 Kf6 33.
Ke4 e5 34. f4 exf4 35. Kxf4 h6 36. Ra6+ Kg7 37. b4 Rb7 1/2-1/2